| 000 | 00808cam a22002535a 4500 | ||
|---|---|---|---|
| 008 | 161101b xxu||||| |||| 00| 0 eng d | ||
| 020 | _a9783319219899 | ||
| 040 |
_beng _dEG-ScBUE |
||
| 082 | 0 | 4 |
_a658.144 _222 _bVAN |
| 100 | 1 |
_aVan Looy, Amy, _eauthor. |
|
| 245 | 1 | 0 |
_aSocial media management : _btechnologies and strategies for creating business value / _cAmy Van Looy. |
| 250 | _a1st ed. | ||
| 260 |
_aCham : _bSpringer ; _c2016. |
||
| 263 | _a201510 | ||
| 300 |
_a1 volume : _c24 cm. _bill. ; |
||
| 490 | 0 | _aSpringer texts in business and economics | |
| 504 | _aIncludes bibliographical references. | ||
| 590 | _ashima | ||
| 650 | 7 |
_aInternet marketing _xSocial aspects. _2BUEsh |
|
| 650 | 7 |
_aSocial media _xManagement. _2BUEsh |
|
| 651 | _2BUEsh | ||
| 653 |
_bCOMAME _cNovember2016 |
||
| 942 | _2ddc | ||
| 999 |
_c22976 _d22948 |
||